Statistiques concernant Pays avec le plus de francophones

Cliquez ici pour prendre le quiz!

Statistiques générales

  • Ce quiz a été pris 304 fois
    (274 depuis la dernière actualisation)
  • Le résultat moyen est 25 sur 34

Statistiques - réponses

# de haut-parleursPays% Correct
63,678,077France
100%
8,678,247Belgique
98%
10,981,937Canada
97%
27,803,847Algérie
95%
12,729,432Maroc
95%
5,734,276Suisse
93%
2,126,923Etats unis
91%
6,081,277Tunisie
91%
5,443,391Espagne
88%
42,533,172République Démocratique du Congo
88%
4,214,619Sénégal
87%
3,182,255République du Congo
86%
11,519,521Italie
84%
12,242,129Allemagne
83%
3,236,698Mali
80%
10,930,735Royaume-Uni
80%
8,259,265Côte d'Ivoire
78%
2,591,538Portugal
78%
10,006,474Cameroun
74%
2,839,671Niger
73%
3,318,661Guinée
67%
3,228,985Pays-Bas
65%
1,957,478Tchad
62%
3,000,000Egypte
61%
3,820,813Bénin
60%
1,367,502Gabon
60%
5,252,562Madagascar
60%
3,217,071Togo
59%
1,131,644Autriche
52%
4,752,162Burkina Faso
52%
1,343,435République centrafricaine
52%
2,314,924Liban
51%
4,667,437Haïti
41%
2,336,689Roumanie
34%

Distribution des résultats

Percentile par nombre de réponses

% des personnes avec chaque résultat

Votre développement - résultats

Vous n’avez pas pris ce quiz depuis la dernière actualisation